Music Quiz

Random Music or Album Quiz
Score 0/11 Timer 04:00
0 Plays Today
Album Song Title % Correct
The Joshua TreeExit
80.6%
All That You Can't Leave BehindWalk On
77.6%
ZooropaZooropa
77.6%
PopDiscothèque
76.3%
Achtung BabyUltra Violet (Light My Way)
75%
b-sideSweetest Thing
67.6%
OctoberFire
67.1%
All That You Can't Leave BehindIn a Little While
65.8%
Achtung BabyWho's Gonna Ride Your Wild Horses
61.9%
PopStaring At the Sun
61.9%
OctoberI Threw a Brick Through a Window
61.8%
Come Together.
Have Fun.
All Virtual.
We all need to come together. Play Sporcle's virtual live trivia to have fun, connect with people, and get your trivia on. Join a live hosted trivia game for your favorite pub trivia experience done virtually. If a virtual private party is more your thing, go here for details.

You're not logged in!

Compare scores with friends on all Sporcle quizzes.
OR
Log In

Sporcle TV

Today on Sporcle TV


Watch our educational content, quiz creation guides, and fun videos on Sporcle TV.

Show Comments

Extras

Top Quizzes Today


Score Distribution

Paid Content

Your Account Isn't Verified!

In order to create a playlist on Sporcle, you need to verify the email address you used during registration. Go to your Sporcle Settings to finish the process.

Report this User

Report this user for behavior that violates our Community Guidelines.

Details: